[Event "Continental Open"]
[Site "Wuerzburg"]
[Date "2001.??.??"]
[Round "6"]
[White "Blatny, P."]
[Black "Akobian, V."]
[Result "0-1"]
[WhiteElo "2602"]
[BlackElo "2460"]
[Annotator "Akobian Varuzhan"]
[PlyCount "88"]
[EventDate "2002.06.08"]
[WhiteTeam "USA"]
[BlackTeam "USA"]
[WhiteTeamCountry "USA"]
[BlackTeamCountry "USA"]

1. g3 d5 2. f4 h5 3. Nf3 h4 4. Nxh4 (4. Bg2 h3 5. Bf1 Nc6 6. d3 Bg4 7. Nbd2 Nf6
$15) 4... Rxh4 5. gxh4 e5 6. d3 (6. e3 $4 Qxh4+ 7. Ke2 Bg4+ $19) 6... Qxh4+ 7.
Kd2 exf4 8. c3 Nc6 9. Kc2 Bc5 10. Nd2 Nge7 11. b4 Bd6 12. Nf3 Qf6 13. Rb1 Nf5
14. Bg2 Bd7 15. b5 Nce7 16. Qg1 a6 17. b6 Rc8 18. Bd2 Qe6 (18... Ba4+ 19. Kb2
cxb6 20. Qxb6 Ne3 $1 21. Bh3 Nc2 $19) 19. Nd4 Nxd4+ 20. Qxd4 Qxe2 (20... Be5
21. Qf2 Ba4+ 22. Kb2 cxb6 23. d4 Bd6 24. Rhe1 Qg6 $15) 21. Bxd5 Nxd5 22. Qxd5
Ba4+ 23. Rb3 Kf8 24. Re1 Qg4 25. bxc7 Bxc7 26. h3 Qg3 (26... Qxh3 $2 27. Rh1
Qg4 28. Rh8+ Ke7 29. Qe4+ Kf6 30. Qxa4 Rxh8 31. Rxb7 $14) 27. Qxb7 Rd8 28. Qe4
(28. Qxc7 Qxd3+ 29. Kb2 Qxd2+ 30. Ka3 Bxb3 31. Qe7+ Kg8 32. axb3 Rc8 $19) 28...
Kg8 29. Rf1 Bc6 $1 $17 30. Qc4 (30. Qxc6 Qxd3+ 31. Kb2 Qxf1 32. Qxc7 Rxd2+ 33.
Ka3 Rd5 $19) 30... Bg2 31. Re1 Bd6 32. Qa4 Bf8 33. Qxf4 (33. c4 f3 34. Re3 Qxh3
35. Rb1 Qc8 $17) 33... Qxd3+ 34. Kc1 Bxh3 35. Qe3 Qd7 36. Rh1 Be6 $19 37. Rh2
Qa4 38. Qb6 Ba3+ 39. Kb1 Qe4+ 40. Ka1 Rxd2 $1 41. Qb8+ (41. Rxd2 Qe1+ 42. Rb1
Qxd2 43. Qb8+ Bf8 $19) 41... Bf8 42. Rb4 Rd1+ 43. Kb2 Rb1+ 44. Ka3 Rxb4 (44...
a5 $4 45. Rh8+ Kxh8 46. Qxf8+ Kh7 47. Rxe4 $18) 0-1

[Event "30th  World Open"]
[Site "?"]
[Date "2002.??.??"]
[Round "8"]
[White "Ivanov, A."]
[Black "Akobian, V."]
[Result "0-1"]
[WhiteElo "2645"]
[BlackElo "2570"]
[Annotator "Akobian Varuzhan"]
[PlyCount "72"]
[EventDate "2002.??.??"]
[WhiteTeam "USA"]
[BlackTeam "USA"]
[WhiteTeamCountry "USA"]
[BlackTeamCountry "USA"]

1. e4 e6 2. d4 d5 3. Nc3 Nf6 4. e5 Nfd7 5. f4 c5 6. Nf3 Nc6 7. Be3 cxd4 8. Nxd4
Bc5 9. Qd2 O-O 10. O-O-O Nxd4 11. Bxd4 a6 12. h4 b5 13. h5 Qc7 (13... b4 14.
Na4 (14. Ne2 a5 $13) 14... Bxd4 15. Qxd4 Qa5 $5 16. b3 Bb7 $13) 14. h6 g6 15.
Kb1 b4 16. Na4 (16. Ne2 a5 17. g4 Ba6 18. Bxc5 Nxc5 19. Ng3 Rfc8 $11) 16...
Bxd4 17. Qxd4 a5 18. Bb5 Rb8 19. c4 $1 (19. Bxd7 Bxd7 20. Nc5 (20. Qc5 Rfc8 21.
Qe7 Bxa4 22. Qf6 Bxc2+ 23. Ka1 Kf8 $19) 20... Bb5 21. Nb3 Rfc8 $15) 19... bxc3
20. Nxc3 Nb6 21. Rc1 Qe7 22. a4 (22. g4 Bd7 23. Ba6 a4 24. Rhd1 Rfd8 $11) 22...
Bd7 23. Bxd7 Qxd7 24. Ka2 (24. b3 Rb7 25. Nb5 Nc8 26. Rh3 Na7 27. Nxa7 Rxa7 28.
Rhc3 Rb7 29. Ka2 Rb4 $11) 24... Nc4 (24... Rb7 25. b3 Nc8 26. Nb5 Na7 $11) 25.
Nb5 {Diagram #} Rxb5 26. axb5 Qxb5 27. b3 Nb6 (27... Rb8 28. Rh3 $14) (27... a4
$2 28. bxc4 Qb3+ 29. Ka1 Qa3+ 30. Kb1 Rb8+ 31. Kc2 Qa2+ 32. Kd1 Qxg2 33. Rg1
Qf3+ 34. Ke1 $18) 28. Rc5 Qe2+ 29. Qb2 Qe3 30. Qc1 $138 Qe2+ $138 31. Qb2 Qe3
32. Rxa5 (32. Qc1 Qe4 33. Rc6 Qxg2+ 34. Ka1 (34. Ka3 Nd7 35. Rc7 Nb6 36. Rc6
$11) 34... a4 35. Rxb6 axb3 36. Rxb3 Ra8+ 37. Ra3 Rxa3+ 38. Qxa3 Qxh1+ 39. Kb2
Qxh6 $19) 32... Qxf4 33. Rc1 d4 (33... Nd7 34. Ra4 Qg5 35. Rc7 Nxe5 36. Raa7
Qe3 $17) 34. Rd1 Rd8 35. Rb5 $2 (35. Qd2 Qh4 36. Ra6 Nd5 37. Qxd4 Qxh6 38. Kb2
Qh2 $13) 35... Ra8+ 36. Kb1 Qe4+ 0-1

[Event "30th World Open"]
[Site "Philadelphia USA"]
[Date "2002.07.02"]
[Round "4"]
[White "Jussupow, A."]
[Black "Akobian, V."]
[Result "1/2-1/2"]
[WhiteElo "2699"]
[BlackElo "2570"]
[Annotator "Akobian Varuzhan"]
[PlyCount "82"]
[EventDate "2002.06.29"]
[WhiteTeam "USA"]
[BlackTeam "USA"]
[WhiteTeamCountry "USA"]
[BlackTeamCountry "USA"]

1. d4 d5 2. c4 e6 3. Nf3 c5 4. cxd5 exd5 5. g3 Nc6 6. Bg2 Nf6 7. O-O Be7 8. Nc3
O-O 9. Bg5 cxd4 10. Nxd4 h6 11. Be3 Re8 12. a3 Bg4 13. Qb3 Na5 14. Qa2 Nc4 15.
Bc1 $6 (15. Nxd5 Nxe3 16. fxe3 Qd7 17. Rad1 Nxd5 18. Bxd5 Bf6 $44) 15... Rc8
16. h3 Bh5 17. Rd1 Bc5 $1 $15 18. Nxd5 $2 (18. g4 Bxg4 $1 19. hxg4 Nxg4 20. Bf4
Nxf2 $1 21. Kxf2 Qh4+ 22. Kf3 (22. Bg3 Bxd4+ 23. Kf1 Qxg3 24. Rxd4 Ne3+ $19)
22... Re3+ $1 23. Bxe3 Ne5#) (18. b3 Nxa3 19. Bxa3 Bxd4 20. Rxd4 Rxc3 21. e3 a6
22. Bb4 Rc6 $15) 18... Nxd5 19. g4 (19. Qxc4 Bxe2 $1 20. Qxe2 (20. Nxe2 Bxf2+
21. Kxf2 Rxc4 22. Rxd5 Qf6+ $19) (20. Qxd5 Qxd5 21. Bxd5 Bxd1 $19) 20... Rxe2
21. Nxe2 Qf6 $1 $19) 19... Ndb6 20. gxh5 Rxe2 $1 21. Bg5 {Diagram #} (21. Nxe2
Qxd1+ 22. Bf1 Qd5 $17) 21... Rxb2 $2 (21... Qxd4 $1 22. Rxd4 Bxd4 23. Bc1 (23.
Rf1 Rxb2 24. Qa1 hxg5 $19) 23... Rxf2 24. Kh1 Re8 25. Qb3 Re1+ 26. Kh2 Be5+ $19
) 22. Bxd8 Rxa2 23. Bxb6 (23. Rxa2 Rxd8 $19) 23... Rxa1 24. Rxa1 Bxb6 25. Nf5
Rc5 26. Ne7+ Kf8 27. Nd5 Ra5 28. a4 Bc5 29. Rb1 b6 30. Nc3 Nd6 31. Bf3 Bd4 $6 (
31... a6 32. Bc6 Bd4 33. Ne2 Rg5+ 34. Kf1 Bc5 35. Ng3 Re5 $17) 32. Nb5 Nxb5 33.
axb5 Ra2 34. Rf1 Rb2 (34... a6 35. bxa6 Rxa6 36. Rd1 Ra4 37. Bc6 Rc4 38. Bd5
Rb4 39. Kg2 Bc5 $17) 35. Bc6 Ke7 36. Kg2 Kd6 37. Be8 Re2 $2 (37... Ke6 38. Kf3
Kf6 39. Rd1 Rxf2+ 40. Kg3 Bc5 41. Rd7 Ke6 42. Rxa7 f5 $17) 38. Bxf7 Re5 39. Rd1
Ke7 $6 (39... Kc5 40. Bg6 Re2 41. Rc1+ Kb4 42. Rb1+ Ka5 43. Rd1 Rxf2+ 44. Kg3
Bc5 45. Be8 Ra2 46. Rd8 Kb4 47. Ra8 Bd4 $15) 40. Bc4 Bc5 41. Rd5 Rxd5 1/2-1/2

[Event "30th World Open"]
[Site "?"]
[Date "2002.??.??"]
[Round "9"]
[White "Akobian, V."]
[Black "Smirin, I."]
[Result "1/2-1/2"]
[WhiteElo "2570"]
[BlackElo "2794"]
[Annotator "Akobian Varuzhan"]
[PlyCount "101"]
[EventDate "2002.??.??"]
[WhiteTeam "USA"]
[BlackTeam "USA"]
[WhiteTeamCountry "USA"]
[BlackTeamCountry "USA"]

1. d4 Nf6 2. c4 g6 3. Nc3 Bg7 4. e4 d6 5. Nf3 O-O 6. Be2 Na6 7. O-O e5 8. dxe5
dxe5 9. Qxd8 (9. Qb3 Qe7 10. Rd1 c6 11. h3 Nd7 12. Be3 Ndc5 13. Qa3 f5 14. Na4
$14) 9... Rxd8 10. Bg5 Re8 11. Nd2 (11. Rad1 Nc5 12. Bxf6 Bxf6 13. Rd2 c6 $11)
11... c6 12. Nb3 Nc7 13. Rfd1 Ne6 14. Be3 Nf4 15. Bf3 $6 (15. f3 Nxe2+ 16. Nxe2
Be6 17. c5 Red8 18. Na5 Rxd1+ 19. Rxd1 Rb8 20. a4 Nd7 21. b4 f5 22. b5 $14)
15... h5 16. Na5 Ng4 17. Bxg4 hxg4 (17... Bxg4 18. f3 Bc8 19. c5 $14) 18. b4 $6
(18. c5 Ne6 19. Nc4 Nd4 20. Rd2 Be6 21. Nd6 Re7 22. Bxd4 exd4 23. Ne2 $14)
18... Ne6 19. b5 Nd4 20. Nb3 (20. Rab1 f5 21. Nb3 Rd8 22. bxc6 bxc6 23. Bg5 Rd6
24. Nc5 Kf7 25. Nb7 Rd7 (25... Bxb7 $6 26. Rxb7+ Kg8 27. Kf1 Bf8 28. c5 Re6 29.
Na4 $14) 26. Nc5 Rd6 $11) 20... Rd8 21. Rd2 Be6 22. bxc6 $6 (22. Nc5 $1 Bxc4
23. Nxb7 cxb5 (23... Rdc8 24. Nd6 cxb5 25. Nxc8 Rxc8 26. Rad1 $11) 24. Nxd8
Rxd8 25. Rb1 a6 26. a4 $11) 22... bxc6 23. Rad1 Bxc4 24. Nxd4 exd4 25. Bxd4 Bh6
26. Rb2 f5 27. exf5 gxf5 28. Rb4 Bf7 29. h3 gxh3 30. gxh3 Bh5 31. Rdb1 Bd2 32.
Be5 $138 Re8 33. R1b2 Be1 34. Bf6 Kf7 (34... Rf8 35. Rb1 Rae8 36. Kf1 Bxf2 (
36... Be2+ 37. Kxe1 Bd3+ 38. Kd2 Bxb1 39. Bd4 Rd8 40. Kc1 a5 41. Ra4 Be4 42.
Bc5 Rf7 43. Rxa5 $15) 37. Kxf2 Rxf6 38. Rh4 Bg6 39. Ra4 $15) 35. Bd4 Rad8 36.
Rc2 Bf3 37. Rb7+ Kg6 38. Be3 $1 Rg8 (38... Rd3 39. Ne2 $1 Rd1 40. Kh2 a6 41.
Rb6 Bxf2 42. Bxf2 Bxe2 43. Rcxc6+ Kg5 44. Bg3 $11) 39. Rb1 Kh7+ (39... Kf7+ 40.
Kf1 Rh8 $1 41. Rb7+ Kg8 42. Nd5 Bxd5 (42... Rxd5 43. Rb8+ Kg7 44. Rb7+ Kf8 45.
Rb8+ Kf7 46. Rb7+ Ke6 47. Rxc6+ Rd6 48. Rxd6+ Kxd6 49. Bf4+ Ke6 50. Rb3 Bd2 51.
Rxf3 Bxf4 52. Rxf4 Rxh3 $11) 43. Kxe1 Rxh3 44. Bg5 Re8+ 45. Kd2 a5 $15) 40. Kf1
Rg7 41. h4 $1 Rg4 (41... Bxc3 42. Rxc3 Rgd7 43. Re1 Rd1 44. Rc1 $11) 42. Bg5
Re8 {Diagram #} 43. Rb7+ Kg8 44. Re7 $1 Rxe7 45. Bxe7 Bxc3 46. Rxc3 Bd5 47. Rg3
(47. a3 Bc4+ 48. Ke1 Kf7 49. Bg5 $11) 47... Bxa2 48. Rxg4+ fxg4 49. Ke2 Kf7 50.
Bc5 a5 51. Ke3 1/2-1/2

[Event "Imre Konig Mem"]
[Site "San Francisco USA"]
[Date "2002.09.09"]
[Round "5"]
[White "Akobian, V."]
[Black "Shulman, Y."]
[Result "1-0"]
[WhiteElo "2486"]
[BlackElo "2591"]
[Annotator "Akobian Varuzhan"]
[PlyCount "127"]
[EventDate "2002.09.04"]
[WhiteTeam "USA"]
[BlackTeam "USA"]
[WhiteTeamCountry "USA"]
[BlackTeamCountry "USA"]

1. d4 Nf6 2. c4 e6 3. Nc3 Bb4 4. e3 O-O 5. Bd3 c5 6. Nf3 d5 7. O-O dxc4 8. Bxc4
Nbd7 9. Bd2 (9. a3 Bxc3 10. bxc3 b6 11. a4 Bb7 12. Qe2 Qc7 $11) 9... cxd4 10.
exd4 b6 11. a3 (11. d5 Nc5 12. dxe6 Bxe6 13. Bxe6 Nxe6 $11) 11... Bxc3 12. bxc3
Bb7 13. Qe2 Ne4 14. Rfc1 Rc8 15. Bd3 Nxd2 16. Nxd2 e5 17. Be4 Bxe4 18. Nxe4 Qe7
19. Ng3 Qe6 20. a4 Rfd8 21. Qa6 Qc4 22. Qxc4 Rxc4 23. Nf5 g6 24. Ne3 Rcc8 25.
g4 exd4 26. cxd4 Nf6 27. Rxc8 Rxc8 28. Rb1 (28. d5 Kf8 29. Rd1 Ke7 30. Rd4 h6
31. Kf1 $11) 28... Rd8 29. Rb4 h5 30. h3 Nd5 31. Rc4 hxg4 32. hxg4 Kg7 33. Kg2
Kf6 34. Kf3 Ke6 35. Ke4 Nf6+ 36. Kd3 Rd7 37. Rc8 Nd5 38. Re8+ Ne7 (38... Re7
39. Rd8 Nxe3 40. fxe3 f5 41. g5 $14) 39. Ke4 $1 f6 40. d5+ Kf7 41. Ra8 g5 42.
Kd4 Nc6+ 43. Kc4 Ne7 44. Rh8 Kg7 45. Ra8 Kf7 46. Rh8 Kg7 47. Rh1 $1 Kg6 {
Diagram #} 48. Kb5 $6 (48. Rd1 $1 Kf7 49. Kb5 Rd6 50. Ka6 Rd7 51. d6 Ng6 52.
Nc4 Nf8 53. Kb5 Ne6 54. Kc6 $18) 48... Nxd5 49. Kc6 Nxe3 50. Kxd7 Nxg4 51. Rf1
Ne5+ 52. Kc7 Nd3 53. Kb8 Nc5 54. Ra1 Kf5 (54... a6 55. Ka7 b5 56. a5 b4 57. Kb6
Ne4 58. Kxa6 b3 59. Rb1 Nxf2 60. Kb6 Ne4 61. a6 $18) 55. Kxa7 Kf4 56. Kxb6
Nxa4+ 57. Rxa4+ Kf3 58. Kc5 f5 (58... Kxf2 59. Kd5 f5 60. Ke5 f4 61. Ke4 f3 62.
Ra2+ Kg3 63. Ke3 g4 64. Ra4 Kh4 65. Kf2 Kh3 66. Ra8 $18) 59. Kd4 f4 60. Ra3+
Kxf2 61. Ke4 Kg2 62. Rb3 f3 (62... Kf2 63. Kf5 f3 64. Kg4 $18) 63. Rxf3 g4 64.
Ra3 1-0

[Event "Imre Konig Mem"]
[Site "San Francisco USA"]
[Date "2002.09.12"]
[Round "7"]
[White "Akobian, V."]
[Black "Browne, W."]
[Result "1-0"]
[WhiteElo "2486"]
[BlackElo "2492"]
[Annotator "Akobian Varuzhan"]
[PlyCount "78"]
[EventDate "2002.09.04"]
[WhiteTeam "USA"]
[BlackTeam "USA"]
[WhiteTeamCountry "USA"]
[BlackTeamCountry "USA"]

1. d4 Nf6 2. Nf3 e6 3. e3 b6 4. Bd3 Bb7 5. O-O c5 6. c4 Be7 7. Nc3 cxd4 8. exd4
d5 9. b3 (9. cxd5 Nxd5 10. Ne5 O-O 11. Qg4 Nf6 12. Qh4 Nbd7 13. Bf4 Rc8 14. Qh3
a6 15. Rfe1 $14) 9... Nc6 10. Be3 (10. Bb2 dxc4 11. Bxc4 (11. bxc4 $2 Nxd4 12.
Nxd4 Qxd4 $17) 11... O-O 12. d5 Na5 13. dxe6 Nxc4 14. exf7+ Rxf7 15. bxc4 Qxd1
16. Rfxd1 Bxf3 17. gxf3 Rc8 $11) 10... Rc8 11. Rc1 O-O 12. Qd2 (12. Ne5 dxc4
13. bxc4 Nxe5 14. dxe5 Nd7 15. f4 Ba3 16. Rb1 Bc5 $11) 12... Nb4 13. Be2 Ne4 (
13... dxc4 14. bxc4 Bxf3 15. gxf3 Nc6 16. d5 Ne5 17. Ne4) 14. Qb2 a6 15. a3 Nc6
16. Rfd1 Nxc3 17. Rxc3 Qd6 18. c5 bxc5 19. dxc5 Qb8 20. Qb1 h6 21. b4 e5 22.
Rxd5 Nd4 23. Nxd4 Bxd5 24. Nf5 Rfe8 25. Bxa6 Rc6 26. Bc4 Bxc4 27. Rxc4 Bg5 28.
Qe4 Ra6 29. h4 Bxe3 30. Qxe3 Qa8 31. Rg4 Rg6 32. Qg3 Kh7 33. h5 Rxg4 34. Qxg4
Rg8 35. Nd6 g6 36. Qf3 Qxf3 37. gxf3 gxh5+ 38. Kh2 Rd8 39. b5 Kg6 1-0

[Event "New York Masters G-30"]
[Site "?"]
[Date "2003.??.??"]
[Round "2"]
[White "Akobian, V."]
[Black "Yudasin, L."]
[Result "1-0"]
[WhiteElo "2634"]
[BlackElo "2666"]
[Annotator "Akobian Varuzhan"]
[PlyCount "103"]
[EventDate "2003.??.??"]
[WhiteTeam "USA"]
[BlackTeam "USA"]
[WhiteTeamCountry "USA"]
[BlackTeamCountry "USA"]

1. d4 Nf6 2. c4 e6 3. Nc3 Bb4 4. e3 O-O 5. Bd3 Bxc3+ 6. bxc3 d6 7. Ne2 b6 8. e4
Bb7 9. Ng3 Nbd7 10. O-O c5 11. f4 cxd4 12. cxd4 e5 13. fxe5 $2 (13. Ba3 $1 Re8
(13... exd4 14. Bxd6 Nc5 15. Bxf8 Qxf8 16. e5 $18) (13... exf4 14. Rxf4 Qc7 15.
Nf5 $18) 14. Bxd6 exd4 15. e5 $18) 13... dxe5 14. d5 Ne8 15. Nf5 Bc8 16. Rf3 (
16. Qg4 f6 17. Be3 Nc5 18. Bxc5 bxc5 19. Rf3 Qc7 20. Rb1 Bxf5 21. exf5 Nd6 22.
Rh3 $13) 16... Nc5 17. Nh6+ $6 (17. Ba3 Nd6 18. Bxc5 bxc5 $11) 17... gxh6 18.
Bxh6 Qd6 19. Rg3+ (19. Qd2 f5 20. Rg3+ Kh8 21. Qg5 Qf6 22. Bxf8 Qxf8 23. exf5
$13) 19... Kh8 20. Bxf8 Qxf8 21. Qh5 f6 22. Rf1 Bd7 23. Bc2 $2 (23. Qxe5 $1
Nxd3 24. Rxd3 Qc5+ 25. Qd4 Rc8 (25... Qxd4+ 26. Rxd4 Rc8 27. Rf3 Kg7 28. Ra3
Rc7 29. d6 Rb7 30. Rb3 $11) 26. Qxc5 Rxc5 27. e5 fxe5 28. Rg3 $18) 23... Qe7
24. Qh4 Nd6 25. Rgf3 (25. Rxf6 Ndxe4 (25... Ncxe4 26. Rf4 Qxh4 27. Rxh4 Nxg3
28. Rxh7+ Kg8 29. Rxd7 Nge4 $17) 26. Bxe4 Nxe4 27. Qxe4 Qxf6 28. Rf3 Qg7 29.
Rg3 Qe7 30. d6 Qe8 31. Rg5 Rc8 32. Rxe5 Qg6 $17) 25... Rf8 26. Rxf6 Rxf6 27.
Qxf6+ Qxf6 28. Rxf6 Nxc4 29. Rf7 Kg8 30. Re7 h5 (30... h6 31. h3 b5 32. Kf2 $15
) 31. Bb3 $1 b5 32. d6 $1 Kf8 33. Bxc4 bxc4 34. Rxe5 Nd3 35. Re7 c3 (35... Bc6
36. Rc7 Ne5 37. Kf2 c3 38. Ke3 $14) 36. Rxd7 c2 37. Rc7 c1=Q+ 38. Rxc1 Nxc1 39.
a3 Kf7 40. Kf2 $138 Ke6 41. Kg3 Ne2+ 42. Kh4 Nc3 $6 (42... Kxd6 43. Kxh5 Nf4+
44. Kg5 Nxg2 45. h4 Ke5 46. h5 Nf4 47. h6 Ne6+ 48. Kg6 a5 49. a4 Kxe4 50. Kf6
Nf8 51. Kg7 Ne6+ 52. Kf6 $11) 43. e5 a5 $2 44. Kxh5 $16 Nb5 45. a4 $1 (45. g4
$2 Nxa3 46. g5 Nc4 47. g6 Nxe5 $19) 45... Nc3 46. g4 $1 Nxa4 47. g5 Nc5 48. g6
a4 49. Kh6 $18 Kxe5 50. g7 Kxd6 51. g8=Q Kc6 52. Qc4 1-0

[Event "CCA International"]
[Site "?"]
[Date "2003.??.??"]
[Round "8"]
[White "Shabalov, A."]
[Black "Akobian, V."]
[Result "0-1"]
[WhiteElo "2644"]
[BlackElo "2624"]
[Annotator "Akobian Varuzhan"]
[PlyCount "84"]
[EventDate "2001.11.26"]
[WhiteTeam "USA"]
[BlackTeam "USA"]
[WhiteTeamCountry "USA"]
[BlackTeamCountry "USA"]

1. e4 e6 2. d4 d5 3. e5 c5 4. c3 Qb6 5. Nf3 Bd7 6. Bd3 cxd4 (6... Bb5 $5 7.
Bxb5+ Qxb5 8. Na3 Qa6 9. Qe2 Qxe2+ 10. Kxe2 Nc6 11. Nb5 Kd7 12. dxc5 Bxc5 13.
Be3 Bxe3 14. fxe3 Nh6 15. Rad1 a6 16. Nbd4 Ke7 $11) 7. Nxd4 (7. cxd4 Bb5 (7...
Nc6 8. O-O Nxd4 9. Nxd4 Qxd4 10. Nc3 Qb6 $13) 8. O-O Bxd3 9. Qxd3 Nc6 $14) 7...
Nc6 8. Nxc6 bxc6 9. O-O f5 $5 10. c4 Ne7 11. Nc3 Ng6 12. Be3 d4 $1 13. Na4 Qa5
14. Bd2 (14. Bxd4 $2 c5 $1 15. Bc3 Qxa4 $19) 14... Qxe5 15. Re1 Qf6 16. c5 $1
Be7 17. Qb3 $1 Bc8 $1 (17... O-O 18. Qb7 $1 Rad8 19. Ba5 Bc8 20. Qxc6 Bd7 21.
Qa6 $13) 18. f4 Bd8 (18... e5 19. fxe5 Nxe5 20. Bf4 Nxd3 21. Qxd3 O-O 22. Be5
$13) 19. Bc4 (19. Rxe6+ Bxe6 20. Re1 Ne5 $1 21. Rxe5 (21. fxe5 Qf7 $19) 21...
Qxe5 22. fxe5 Bxb3 $19) 19... Kf7 20. Re2 Re8 21. Rae1 Bc7 22. Qf3 Bd7 23. b4
Kf8 $1 24. b5 (24. Nb2 e5 25. Qh5 e4 26. Qxh7 Be6 27. Bxe6 Rxe6 $17) (24. Bxe6
$5 Nh4 $1 (24... Bxe6 25. Qxc6 Nxf4 26. Bxf4 Bxf4 27. Rxe6 Qf7 28. Rxe8+ Rxe8
29. Rxe8+ Qxe8 30. Qxe8+ Kxe8 31. Nb2 Kd7 32. b5 Ke6 33. Nd3 Bc7 34. Nb4 g5 $11
) 25. Qb3 d3 $1 26. Qc3 Qg6 27. Qxd3 Bxe6 $19) 24... e5 $1 25. b6 {Diagram #}
e4 $1 26. Qh5 axb6 (26... Nxf4 $1 27. Bxf4 Bxf4 28. Qxh7 d3 29. Rf2 Qh6 30.
Qg8+ Ke7 31. Qf7+ Kd8 $19) 27. Nxb6 (27. cxb6 Rxa4 28. bxc7 (28. Bb3 Bxb6 29.
Bxa4 d3+ $19) 28... Rxc4 $19) 27... Bxb6 28. cxb6 Be6 29. Bxe6 Rxe6 (29... Qxe6
$2 30. g4 $1 $13) 30. a4 Kg8 31. a5 c5 32. Rc1 e3 33. Qf3 Re4 34. Rxc5 (34. Be1
Qd6 35. g3 Ne7 36. Rd1 Qd5 37. Rc2 d3 $19) 34... Nxf4 35. b7 Rf8 36. Rc8 (36.
Be1 d3 37. Rxe3 Qd4 38. Rc8 Rxe3 39. Rxf8+ Kxf8 40. b8=Q+ Re8+ $1 41. Bf2 Qa1+
$19) 36... Nxe2+ 37. Qxe2 $138 exd2 $138 38. Qxd2 (38. Qc4+ Kh8 39. b8=Q d1=Q+
40. Kf2 Qe1+ 41. Kf3 Qe3#) (38. Qxe4 d1=Q+ $19) 38... Ree8 $1 39. b8=Q (39. Qc2
Qe6 $1 40. Rxe8 Rxe8 41. h3 Qe3+ 42. Kh2 Qe5+ 43. Kg1 Qb5 44. Qc7 d3 $19) 39...
Rxc8 40. Qb3+ Kh8 41. Qa4 Rfd8 42. a6 d3 {
0-1 If 43.a7Qb6+ 44.Kf1 Ra8 with idea Rxa7 -+} 0-1

[Event "Gufeld Memorial"]
[Site "Burbank USA"]
[Date "2003.11.23"]
[Round "3"]
[White "Akobian, V."]
[Black "Sharavdorj, D."]
[Result "1-0"]
[WhiteElo "2537"]
[BlackElo "2411"]
[Annotator "Akobian Varuzhan"]
[PlyCount "85"]
[EventDate "2003.11.22"]
[WhiteTeam "USA"]
[BlackTeam "USA"]
[WhiteTeamCountry "USA"]
[BlackTeamCountry "USA"]

1. d4 e6 2. Nf3 Nf6 3. Bg5 h6 4. Bh4 c5 5. c3 b6 6. e3 Bb7 7. Nbd2 Be7 8. Bd3
cxd4 (8... O-O 9. O-O d6 10. a4 Nbd7 11. Qe2 $14) 9. exd4 d6 10. O-O Nbd7 11.
Qe2 a6 12. a4 O-O 13. Rfe1 Re8 14. Nc4 Qc7 15. Nfd2 Bf8 16. Bg3 Qc6 17. Qf1 Nh5
18. Be4 d5 19. Bf3 Nxg3 20. hxg3 Qc7 21. Ne3 Bc6 22. Qd3 b5 23. axb5 axb5 24.
b4 Nb6 25. Nb3 Nc4 26. Qe2 g6 27. Nxc4 dxc4 28. Nc5 Bg7 29. Rxa8 Bxa8 30. Ra1
Bxf3 31. Qxf3 Qb8 32. Qc6 Rc8 33. Qa6 e5 34. d5 Rd8 35. Qc6 Rc8 36. Qa6 Rd8 37.
Rd1 e4 38. d6 e3 39. fxe3 Bxc3 40. Qb7 Bxb4 41. Qxb8 Rxb8 42. Na6 Bxd6 43. Nxb8
1-0

[Event "Western Class Championships"]
[Site "Agoura Hills USA"]
[Date "2004.01.19"]
[Round "6"]
[White "Blatny, P."]
[Black "Akobian, V."]
[Result "0-1"]
[WhiteElo "2452"]
[BlackElo "2502"]
[Annotator "GM Akobian"]
[PlyCount "78"]
[EventDate "2004.01.16"]
[WhiteTeam "USA"]
[BlackTeam "USA"]
[WhiteTeamCountry "USA"]
[BlackTeamCountry "USA"]

1. b3 e5 2. Bb2 Nc6 3. e3 Nf6 4. Bb5 Bd6 $5 (4... d6 5. d4 exd4 6. Bxd4 (6.
exd4 a6 7. Bxc6+ bxc6 8. Nd2 Be7 9. Ngf3 O-O 10. O-O Re8 11. Re1 Bg4 12. h3 Bh5
13. c4 $11) 6... Be7 7. Nf3 O-O 8. Bxc6 bxc6 9. O-O c5 10. Bb2 Bb7 $15) 5. d4
exd4 6. exd4 O-O 7. a3 (7. Ne2 Re8 8. O-O Bxh2+ 9. Kxh2 Ng4+ 10. Kg1 (10. Kh3
Qg5 11. Bc1 Qxb5 12. Kxg4 d6+ 13. Kg3 Qxe2 $19) 10... Qh4 $19) 7... Re8+ 8. Kf1
(8. Ne2 Ng4 9. g3 (9. h3 Qh4 (9... Nh2 $5 10. Qd3 Qg5 $15) 10. O-O Bh2+ 11. Kh1
d5 $1 $40) 9... Qf6 10. O-O Qh6 11. h4 Bxg3 $1 12. Nxg3 (12. fxg3 Qe3+ 13. Kg2
Qe4+ 14. Kh3 Ne3 $19) 12... Qxh4 13. Kg2 Qh2+ 14. Kf3 d5 $19) 8... b6 $1 9. Nd2
Bb7 10. Bd3 Ne7 11. Nc4 Ng6 (11... Bf4 $5 12. Nh3 Ned5 13. Nd2 (13. Nxf4 $2
Nxf4 $17) 13... Bh6 14. c4 Nf4 15. Nxf4 Bxf4 16. d5 c6 17. dxc6 Bxc6 $17) 12.
Nxd6 cxd6 13. Bc1 (13. Nh3 Nh4 14. Rg1 Be4 15. d5 Bxd5 $15) (13. c4 d5 14. Nf3
dxc4 15. bxc4 d5 $17) 13... Qc7 14. h4 Qc3 15. Bg5 $1 (15. Rb1 $2 Qxd4 16. Bb2
(16. h5 Qd5 17. Nf3 Ne5 18. Be2 Qxd1+ 19. Bxd1 Nxf3 20. gxf3 (20. Bxf3 Bxf3 21.
gxf3 Rac8 $17) 20... h6) 16... Qd5 $17) 15... Ng4 (15... Nh5 $5) 16. Nf3 (16.
h5 Ne7 17. Rh4 f5 $13) 16... h5 $1 (16... Rac8 17. h5 Ne7 18. Qe1 Nd5 19. Qxc3
Nxc3 20. Rh4 $14) 17. Bd2 Qc6 18. Rh3 b5 19. a4 (19. c4 bxc4 20. bxc4 d5 21. c5
Ba6 22. Bxa6 Qxa6+ 23. Kg1 Re2 24. Be1 Rae8 $17) 19... b4 $1 20. Kg1 (20. Bxg6
fxg6 21. Bxb4 Ba6+ 22. Kg1 Re2 23. c4 Rxf2 24. Qe1 Rb8 $13) (20. Bxb4 Nf4 21.
Bb5 Qb6 22. Rg3 a6 23. Qd2 axb5 24. Qxf4 bxa4 25. Qxd6 Qxd6 26. Bxd6 Ra6 $13
27. Ba3 axb3 28. cxb3 Rea8 $19) 20... a5 21. Bb5 (21. Bxg6 fxg6 22. Rc1 Qa6 23.
c4 bxc3 24. Bxc3 Re2 25. Rc2 Rae8 $13) 21... Qe4 22. Bxd7 Re7 23. Bb5 Qf5 $1
24. Rc1 Rc8 25. Qf1 (25. c4 bxc3 (25... Be4 $1 26. Bg5 f6 27. Bd2 Bd3 $44) 26.
Rxc3 Rxc3 27. Bxc3 Nf4 28. Rg3 Qxb5 $1 29. axb5 Ne2+ 30. Qxe2 $1 (30. Kf1 Nxg3+
31. Kg1 Ne2+ 32. Kf1 Nxc3 33. Qa1 Nxb5 34. Qxa5 Nc7 $17) 30... Rxe2 31. Nd2 $1
$14) 25... Nf4 26. Rg3 (26. Bxf4 Qxf4 27. Re1 Rxe1 28. Nxe1 (28. Qxe1 Bxf3 29.
gxf3 Nf6 30. Qd1 Qf5 31. Rg3 Qxc2 32. Qxc2 Rxc2 33. Bc4 d5 34. Bd3 Rd2 35. f4
Kf8 $19) 28... Qxd4 $17) 26... g6 $1 27. Nh2 $6 (27. c3 bxc3 (27... Rec7 $6 28.
cxb4 Rxc1 29. Bxc1 axb4 30. Bd2 $16) 28. Rxc3 Rxc3 29. Bxc3 Bc6 30. Ba6 Bb7 31.
Bc4 Bd5 $11) 27... Nxh2 28. Kxh2 Qf6 29. Rg5 Qxd4 30. Be3 Qf6 (30... Qe4 31.
Rg3 Rec7 32. Ba6 Bxa6 33. Qxa6 Nd5 $15) 31. Bxf4 $2 (31. Qd1 Re5 32. Bf1 Rxg5
33. hxg5 Qe5 $15) 31... Qxf4+ 32. g3 Qf3 $1 $19 33. Bd3 Rce8 34. Bxg6 $138 (34.
Rb5 Re1 35. Rxe1 Rxe1 $1 36. Rxb7 Rxf1 37. Rb8+ Kg7 38. Bxf1 Qxf2+ 39. Bg2 Qxc2
$19) (34. Qg1 Re1 35. Rxe1 Rxe1 36. Bf1 Qd1 $19) 34... fxg6 35. Rxg6+ Kh7 36.
Rxd6 Re2 37. Rd7+ Kh8 38. Rxb7 Rxf2+ 39. Qxf2 Qxf2+ 0-1